000 00220nam a2200097Ia 4500
008 190216s9999||||xx |||||||||||||| ||und||
100 _aKesavadev P
245 0 _aThiranjedutha Kathakal No-2
260 _bNull
942 _cBK
999 _c24317
_d24317